000 00624nam a2200229Ia 4500
003 OSt
005 20221007081144.0
006 a|||||r|||| 00| 0
007 ta
008 221006b |||||||| |||| 00| 0 eng d
024 _a26,068
037 _cTextual
040 _aFLL
_cFLL
_beng
041 _2eng
_aeng
082 _aZ73:121, K6
100 _aKuchler Frances W.
_9696554
245 0 _aLaw of engagement and marriage
260 _aNew York
_bOceana Publications, Inc. New
_c1966
300 _axxii,1-101p
_ccm.
942 _hZ73:121, K6
_cTEXL
_2CC
999 _c1162218
_d1162218